000 00730nmc a2200289 a 4500
003 AR-BaBNM
005 20251128211232.0
008 233020s1999 ||||||||||||||000 | spa||
020 _a950-02-8501-0
040 _cAR-BaBNM
100 1 _aBornemann, Elsa
245 1 0 _aNada de tucanes
250 _a6ยช ed.
260 _aBuenos Aires
_bEl Ateneo
_c1999
300 _a56 p.
_bil.
490 0 _aCuenta conmigo
_vv. 5
650 4 _aLITERATURA ARGENTINA
650 4 _aLITERATURA INFANTIL
650 4 _aLIBROS PARA NINOS
650 4 _aHUMOR
653 _aCUENTO POLICIAL
655 _aLITERATURA
700 1 _aLorefice, Kitty
_eilustrador
800 1 _aPerriconi, Graciela
_edirector
942 _cBK
998 _cLaura
999 _c18844
_d18844